<?xml version="1.0" encoding="UTF-8"?>
<collection xmlns="http://www.loc.gov/MARC21/slim">
    <record>
        <controlfield tag="001">61781</controlfield>
        <controlfield tag="005">20170707111733.0</controlfield>
        <datafield tag="040" ind1=" " ind2=" ">
            <subfield code="a">ES-ZaU</subfield>
        </datafield>
        <datafield tag="100" ind1=" " ind2=" ">
            <subfield code="a">Laurent, J., 1816-1886</subfield>
        </datafield>
        <datafield tag="245" ind1=" " ind2=" ">
            <subfield code="a">Reja de la Iglesia de la Seo / J. Laurent</subfield>
        </datafield>
        <datafield tag="260" ind1=" " ind2=" ">
            <subfield code="a">[S.l.]</subfield>
            <subfield code="b">[s.n.]</subfield>
            <subfield code="c">[1816-1886]</subfield>
        </datafield>
        <datafield tag="300" ind1=" " ind2=" ">
            <subfield code="a">1 fotografía : papel albúmina;  25 x 34 cm, sobre papel 43 x 53 cm</subfield>
        </datafield>
        <datafield tag="500" ind1=" " ind2=" ">
            <subfield code="a">Copia original de época en blanco y negro. Formato vertical. Reja de la iglesia de la Seo, según reza en el ángulo inferior izquierdo. Vista frontal de la rejería, cubierta con portada, de la Seo. Sobre dos pedestales se disponen sendas pilastras con ornamentación escultórica en los fustes, para rematar en capiteles con decoración vegetal. Sustentan un entablamento con friso ornamentado por relieves escultóricos y un escudo central, del que cuelga el cable de una lámpara. Se descuelga hasta la altura de la rejería. Por encima, un frontón quebrado con figuras de puttis o niños alados alrededor. Parte de las figuras aparecen cortadas y un tanto borrosas en la imagen. El frontón encierra un tímpano con dos figuras tumbadas. A la izquierda de la pilastra, ocupando toda la prolongación de la portada hasta el tímpano, se dispone un pilar del que se intuyen dos pilastras adosadas, con ornamentación de tipo vegetal. La portada encierra dos jambas de las que parte un arco de medio punto hasta cuya mitad llega una rejería rematada por motivos escultóricos. Destaca, en el centro, la crucifixión de Cristo</subfield>
        </datafield>
        <datafield tag="506" ind1=" " ind2=" ">
            <subfield code="a">Access copy available to the general public</subfield>
            <subfield code="f">Unrestricted</subfield>
        </datafield>
        <datafield tag="540" ind1=" " ind2=" ">
            <subfield code="9">info:eu-repo/semantics/openAccess</subfield>
            <subfield code="a">by-nc-nd</subfield>
            <subfield code="u">http://creativecommons.org/licenses/by-nc-nd/3.0/es/</subfield>
        </datafield>
        <datafield tag="567" ind1=" " ind2=" ">
            <subfield code="a">Copia en papel albúmina a partir de negativo de vidrio al colodión</subfield>
        </datafield>
        <datafield tag="653" ind1=" " ind2=" ">
            <subfield code="a">Catedral de Zaragoza -- Fotografías -- Obras anteriores a 1900</subfield>
        </datafield>
        <datafield tag="653" ind1=" " ind2=" ">
            <subfield code="a">Fotografía de arquitectura -- España -- Obras anteriores a 1900</subfield>
        </datafield>
        <datafield tag="653" ind1=" " ind2=" ">
            <subfield code="a">Zaragoza -- S. XIX -- Fotografías -- Obras anteriores a 1900</subfield>
        </datafield>
        <datafield tag="655" ind1=" " ind2="4">
            <subfield code="a">info:eu-repo/semantics/other</subfield>
        </datafield>
        <datafield tag="856" ind1="4" ind2=" ">
            <subfield code="s">385158</subfield>
            <subfield code="u">http://zaguan.unizar.es/record/61781/files/Laurent_p62.pdf</subfield>
            <subfield code="z">Reja de la Iglesia de la Seo / J. Laurent</subfield>
        </datafield>
        <datafield tag="856" ind1="4" ind2=" ">
            <subfield code="s">4462</subfield>
            <subfield code="u">http://zaguan.unizar.es/record/61781/files/Laurent_p62.jpg?subformat=icon</subfield>
            <subfield code="x">icon</subfield>
            <subfield code="z">Reja de la Iglesia de la Seo / J. Laurent</subfield>
        </datafield>
        <datafield tag="907" ind1=" " ind2=" ">
            <subfield code="a">.b1715969</subfield>
        </datafield>
        <datafield tag="980" ind1=" " ind2=" ">
            <subfield code="a">PERSONAL</subfield>
            <subfield code="b">LAURENT</subfield>
        </datafield>
    </record>

    
</collection>